Gaming Quiz

Random Gaming or Video Games Quiz

Video Game Jetpacks Quiz Stats

 Plays Quiz Updated Jun 24, 2017

Support Sporcle.
Go Orange.
Score 0/18 Timer 07:00
0 Plays Today
% Correct
Grand Theft Auto: San Andreas
87%
Mega Man 6
82.2%
Crash Bandicoot 2: Cortex Strikes Back
78%
Super Mario Sunshine
55.5%
Halo: Reach
51.3%
Goat Simulator
51%
Doodle Jump
50.1%
Fallout 4
41.9%
Wario Land: Super Mario Land 3
40.6%
% Correct
Donkey Kong 64
38.7%
Jetpack Joyride
38%
Worms 3D
29.9%
Ratchet & Clank (2016)
29%
Star Wars: Shadows of the Empire
26%
Pilotwings 64
23.9%
Jetpac
14.7%
Tribes: Ascend
6.3%
Jetpack
3.2%

You're not logged in!

Compare scores with friends on all Sporcle quizzes.
OR
Log In
Forgot?

From the Vault

The 2,000 Most Common English Words

by MrChewypoo

You'd better bring your dictionary.
Remove Ads.
Support Sporcle.
Get the best of Sporcle when you Go Orange. This ad-free experience offers more features, more stats, and more fun while also helping to support Sporcle. Thank you for becoming a member.

Show Comments

Extras

Top Quizzes Today


Score Distribution

Your Account Isn't Verified!

In order to create a playlist on Sporcle, you need to verify the email address you used during registration. Go to your Sporcle Settings to finish the process.

Report this User

Report this user for behavior that violates our Community Guidelines.

Details: